Curiosidades utiles arithmetica geometria y architectonica osea la regla de oro arithmetica el buen zelo tratado geometrico y el curioso architecto o cartilla de architectura (Record no. 8287)
[ view plain ]
| 000 -CABECERA | |
|---|---|
| campo de control de longitud fija | 01712nam a2200361 a 4500 |
| 001 - NÚMERO DE CONTROL | |
| campo de control | BRCA_8627 |
| 005 - FECHA Y HORA DE LA ÚLTIMA TRANSACCIÓN | |
| campo de control | 20190320210341.0 |
| 008 - DATOS DE LONGITUD FIJA--INFORMACIÓN GENERAL | |
| campo de control de longitud fija | 210916s1719----sp-a######---#000-0#spa-# |
| 041 ## - CÓDIGO DE LENGUA | |
| Código de lengua del texto/banda sonora o título independiente | spa |
| 044 ## - CÓDIGO DEL PAÍS DE LA ENTIDAD EDITORA/PRODUCTORA | |
| Código MARC del país | sp |
| 050 #4 - SIGNATURA TOPOGRÁFICA DE LA BIBLIOTECA DEL CONGRESO | |
| Número de clasificación | NA2760 |
| Número de documento/Ítem | .F47 |
| -- | 1719 |
| 100 1# - ENTRADA PRINCIPAL--NOMBRE DE PERSONA | |
| Nombre de persona | Ferrer, Bartolome |
| 9 (RLIN) | 21543 |
| 245 10 - MENCIÓN DE TÍTULO | |
| Título | Curiosidades utiles arithmetica geometria y architectonica osea la regla de oro arithmetica el buen zelo tratado geometrico y el curioso architecto o cartilla de architectura |
| Mención de responsabilidad, etc. | Bartolome Ferrer. |
| 260 ## - PUBLICACIÓN, DISTRIBUCIÓN, ETC. | |
| Lugar de publicación, distribución, etc. | Madrid |
| Nombre del editor, distribuidor, etc. | Eusebio fernandez de huerta |
| Fecha de publicación, distribución, etc. | 1719 |
| 300 ## - DESCRIPCIÓN FÍSICA | |
| Extensión | 239 p. |
| Otras características físicas | il. |
| Dimensiones | 21 cm |
| 500 ## - NOTA GENERAL | |
| Nota general | Fondo antiguo |
| 500 ## - NOTA GENERAL | |
| Nota general | Se encuentra en Caja Fuerte |
| 500 ## - NOTA GENERAL | |
| Nota general | LM-25 |
| 500 ## - NOTA GENERAL | |
| Nota general | Con dedicatoria: al Exc. mo Señor D. Juan Manuel Fernandez Pacheco, Marquez de Villena, y de Maya, Duque de Escalona, &c. |
| 500 ## - NOTA GENERAL | |
| Nota general | Con aprobación de Don Vicencio Squarcafigo Centurion y Arriola, Licencia del ordinario, fe de erratas y tassa |
| 500 ## - NOTA GENERAL | |
| Nota general | Incluye tabla de lo que contiene este libro por capitulos |
| 500 ## - NOTA GENERAL | |
| Nota general | Contiene prólogo al lector |
| 500 ## - NOTA GENERAL | |
| Nota general | Incluye láminas |
| 500 ## - NOTA GENERAL | |
| Nota general | Uso de letras capítulares y viñetas al final de los capítulos |
| 500 ## - NOTA GENERAL | |
| Nota general | Estado físico: el documento presenta una mancha de tinta en la p.91 |
| 500 ## - NOTA GENERAL | |
| Nota general | Nota de encuadernación: deteriorada, en piel pergamino y desprendida del lomo |
| 506 0# - NOTA DE RESTRICCIONES AL ACCESO | |
| Limitaciones de acceso | Fondo reservado: para su consulta es necesario credencial de usuario y carta de motivos |
| 650 14 - PUNTO DE ACCESO ADICIONAL DE MATERIA--TÉRMINO DE MATERIA | |
| Término de materia o nombre geográfico como elemento de entrada | Aritmética |
| Subdivisión de forma | Trabajos anteriores a 1800 |
| 9 (RLIN) | 21544 |
| 650 14 - PUNTO DE ACCESO ADICIONAL DE MATERIA--TÉRMINO DE MATERIA | |
| Término de materia o nombre geográfico como elemento de entrada | Arquitectura |
| Término indicativo de función/relación | Composición, proporción |
| Subdivisión de forma | Trabajos anteriores a 1800 |
| 9 (RLIN) | 21545 |
| 650 14 - PUNTO DE ACCESO ADICIONAL DE MATERIA--TÉRMINO DE MATERIA | |
| Término de materia o nombre geográfico como elemento de entrada | Geometría |
| Subdivisión de forma | Trabajos anteriores a 1800 |
| 9 (RLIN) | 21546 |
| 902 ## - CATALOGADOR | |
| Iniciales | LAR |
| 942 ## - ELEMENTOS DE PUNTO DE ACCESO ADICIONAL (KOHA) | |
| Fuente del sistema de clasificación o colocación | Library of Congress Classification |
| Tipo de ítem Koha | Libros |
| Estado de retiro | Estado de pérdida | Estado dañado | No para préstamo | Localización permanente | Ubicación/localización actual | Fecha de adquisición | Número de inventario | Total de préstamos | Signatura topográfica completa | Código de barras | Fecha visto por última vez | Precio válido a partir de | Tipo de ítem Koha |
|---|---|---|---|---|---|---|---|---|---|---|---|---|---|
| El ejemplar forma parte de la colección y puede ser consultado según las políticas vigentes. | Biblioteca del Museo Franz Mayer (Rogerio Casas-Alatriste) | Biblioteca del Museo Franz Mayer (Rogerio Casas-Alatriste) | 21/09/2016 | LM-25 | NA2760 .F47 1719 (LM-25) | LAR00131 | 22/03/2019 | 22/03/2019 | Libros |